Occasional Papers : (Record no. 241026)
[ view plain ]
| 000 -LEADER | |
|---|---|
| fixed length control field | 01780cam a22002773a 4500 |
| 001 - CONTROL NUMBER | |
| control field | 11771 |
| 003 - CONTROL NUMBER IDENTIFIER | |
| control field | PGUSA |
| 005 - DATE AND TIME OF LATEST TRANSACTION | |
| control field | 20140828083240.0 |
| 008 - FIXED-LENGTH DATA ELEMENTS--GENERAL INFORMATION | |
| fixed length control field | 040401s2004||||xxu|||||s|||||000 e eng d |
| 040 ## - CATALOGING SOURCE | |
| Original cataloging agency | PGUSA |
| Language of cataloging | eng |
| 042 ## - AUTHENTICATION CODE | |
| Authentication code | dc |
| 050 #4 - LIBRARY OF CONGRESS CALL NUMBER | |
| Classification number | BX |
| 050 #4 - LIBRARY OF CONGRESS CALL NUMBER | |
| Classification number | BR |
| 100 1# - MAIN ENTRY--PERSONAL NAME | |
| Personal name | Church, R. W. |
| Fuller form of name | (Richard William), |
| Dates associated with a name | 1815-1890 |
| 245 10 - TITLE STATEMENT | |
| Title | Occasional Papers : |
| Remainder of title | Selected from the Guardian, the Times, and the Saturday Review, 1846-1890, Vol. 2 |
| Medium | [electronic resource] / |
| Statement of responsibility, etc | R. W. Church |
| 260 ## - PUBLICATION, DISTRIBUTION, ETC. (IMPRINT) | |
| Name of publisher, distributor, etc | Project Gutenberg, |
| Date of publication, distribution, etc | 2004 |
| 505 0# - FORMATTED CONTENTS NOTE | |
| Formatted contents note | Mr. Gladstone on the royal supremacy -- Joyce on courts of spiritual appeal -- Privy council judgments -- Sir John Coleridge on the purchas case -- Mr. Gladstone's letter on the English church -- Disendowment -- The new court -- Mozley's Bampton lectures -- Ecce homo -- The author of "Robert Elsmere" on a new reformation -- Renan's "Vie de Jesus" -- Renan's "Les apôtres" -- Renan's Hibbert lectures -- Renan's "Souvenirs d'enfance" -- Life of Frederick Robertson -- Life of Baron Bunsen -- Coleridge's Memoir of Keble -- Maurice's theological essays -- Frederick Denison Maurice -- Sir Richard Church -- Death of Bishop Wilberforce -- Retirement of the provost of Oriel -- Mark Pattison -- Pattison's essays -- Bishop Frazer -- Newman's "Apologia" -- Dr. Newman on the "Eirenicon" -- Newman's Parochial sermons -- Cardinal Newman -- Cardinal Newman's course -- Cardinal Newman's naturalness -- Lord Blachford. |
| 506 ## - RESTRICTIONS ON ACCESS NOTE | |
| Terms governing access | Public domain in the USA. |
| 516 ## - TYPE OF COMPUTER FILE OR DATA NOTE | |
| Type of computer file or data note | Electronic text |
| 653 ## - INDEX TERM--UNCONTROLLED | |
| Uncontrolled term | Christianity |
| 653 ## - INDEX TERM--UNCONTROLLED | |
| Uncontrolled term | Great Britain -- Church history -- 19th century |
| 653 ## - INDEX TERM--UNCONTROLLED | |
| Uncontrolled term | Church and state -- Great Britain |
| 830 #0 - SERIES ADDED ENTRY--UNIFORM TITLE | |
| Uniform title | Project Gutenberg |
| Volume number/sequential designation | 11771 |
| 856 40 - ELECTRONIC LOCATION AND ACCESS | |
| Uniform Resource Identifier | <a href="http://www.gutenberg.org/ebooks/11771">http://www.gutenberg.org/ebooks/11771</a> |
| 942 ## - ADDED ENTRY ELEMENTS (KOHA) | |
| Koha item type | eBooks |
| Withdrawn status | Lost status | Damaged status | Home library | Current library | Date acquired | Total Checkouts | Date last seen | Price effective from | Koha item type |
|---|---|---|---|---|---|---|---|---|---|
| Project Gutenberg | Project Gutenberg | 08/28/2014 | 08/28/2014 | 08/28/2014 | eBooks |